| 000 | 00000nam 2200000zi 4500 |
| 001 | 9.894647 |
| 003 | CaOODSP |
| 005 | 20240911100029 |
| 006 | m o d f |
| 007 | cr |n||||||||| |
| 008 | 201214t19771977oncd ob f000 0 eng d |
| 020 | |z0660008912 |
| 040 | |aCaOODSP|beng|erda|cCaOODSP |
| 043 | |an-cn--- |
| 086 | |aZ1-1975/1-41-33E-PDF|zZ1-1975/1-41-33 |
| 100 | 1 |aWhite, Terrence H., |d1943- |eauthor. |
| 245 | 10|aOrganization size as a factor influencing labour relations : |ba background report / |cby Terrence H. White, University of Alberta. |
| 264 | 1|aMississauga, Ontario : |bPhase I Printing Ltd., |cApril 1977. |
| 264 | 4|bMinister of Supply and Services Canada, |c©1977 |
| 300 | |a1 online resource (v, 35 pages) : |bgraphs. |
| 336 | |atext|btxt|2rdacontent |
| 337 | |acomputer|bc|2rdamedia |
| 338 | |aonline resource|bcr|2rdacarrier |
| 490 | 1 |aStudy ; |vno. 33 |
| 500 | |aDigitized edition from print [produced by Privy Council Office]. |
| 500 | |aIssued also in French under title: L'envergure des compagnies et ses effets sur les relations de travail : une relation scientifique. |
| 504 | |aIncludes bibliographical references (pages 31-35). |
| 505 | 0 |aForeword -- Introduction -- Organization Size -- Previous Research -- A Perspective -- Samples -- Measures -- Findings -- Strikes -- Summary and Conclusions -- Notes -- References. |
| 520 | |a"This paper is concerned with organization size and specifically with establishment size. It examines the effects of size, if any, on individuals and labour relations within organizations"--Introduction, page 1. |
| 650 | 0|aIndustries|xSize|zCanada. |
| 650 | 0|aIndustrial relations|zCanada. |
| 650 | 6|aEntreprises|xDimension|zCanada. |
| 650 | 6|aRelations industrielles|zCanada. |
| 710 | 1 |aCanada. |bRoyal Commission on Corporate Concentration, |eissuing body. |
| 775 | 08|tL'envergure des compagnies et ses effets sur les relations de travail : |w(CaOODSP)9.943111 |
| 830 | #0|aStudy (Canada. Royal Commission on Corporate Concentration)|vno. 33.|w(CaOODSP)9.873200 |
| 856 | 40|qPDF|s13.88 MB|uhttps://publications.gc.ca/collections/collection_2020/bcp-pco/Z1-1975-1-41/Z1-1975-1-41-33-eng.pdf |